| 000 | 00974pam a2200313 a 4500 | ||
|---|---|---|---|
| 001 | 4242 | ||
| 003 | FISKH | ||
| 005 | 20240708091324.0 | ||
| 008 | 900209s1990 nyu j 000 1 eng | ||
| 010 | _a 90055108 | ||
| 020 | _a0823408353 : | ||
| 020 | _a078073002955 | ||
| 040 |
_aDLC _cDLC _dDLC _beng |
||
| 050 | _aPZ7.W933 | ||
| 082 | _a813.54 | ||
| 100 | 1 | _aWright, Betty Ren. | |
| 245 | 1 | 4 |
_aThe ghost of Ernie P. / _cBetty Ren Wright. |
| 250 | _aFirst Scholastic, July 1992 | ||
| 260 |
_aNew York : _bScholastic, _c1990. |
||
| 300 |
_a130 pages : _c20 cm |
||
| 505 | _aR | ||
| 520 | _aAfter a freak accident kills Ernie and cuts short his Top Secret Plan, his friend Jeff is haunted by Ernie's ghost and pushed toward carrying out the plan. | ||
| 521 | 8 |
_a750
_bLexile estimate |
|
| 521 | 8 |
_aR
_bRaz-Plus |
|
| 650 | 1 |
_aGhosts _xFiction. |
|
| 906 |
_a7 _bcbc _corignew _d1 _eocip _f19 _gy-gencatlg |
||
| 942 |
_2ddc _cBK _n0 |
||
| 999 |
_c4242 _d4242 |
||